000 00577nmm a2200169Ia 4500
008 251105s9999||||xx |||||||||||||||||und||
020 _a9788499800455
041 _aspa
100 _aGoñi, Jesús María (coord.)
245 0 _aMatemáticas : complementos de formación disciplinar
264 _a[Madrid, España] :
_bMinisterio de Educación, Cultura y Deporte de España,
_c2011
300 _a219 páginas
490 _aFormación del profesorado. Educación secundaria
650 _aEducation
856 _uhttps://public.digitaliapublishing.com/a/30203
942 _cCF
999 _c93232
_d93232